000
00277nam a2200121Ia 4500
008
220204s9999 xx 000 0 und d
082
_a
681.31
_b
HOL
100
_a
Holtz, Matthew
245
0
_a
Mastering ventura
260
_a
Delhi
_b
BPB
_c
1988
650
_a
Ventura
942
_c
BK
999
_c
39698
_d
39698